Faculty of Law Library — Cairo University

Official Online Catalog

موسوعة المبادئ القانونية التى أقرتها الجمعية العمومية لقسمى الفتوى والتشريع : (Record no. 74571)

MARC details
000 -LEADER
fixed length control field 01415nam a2200313 i 4500
003 - CONTROL NUMBER IDENTIFIER
control field EG-GICUC
005 - DATE AND TIME OF LATEST TRANSACTION
control field 20260430190818.0
008 - FIXED-LENGTH DATA ELEMENTS--GENERAL INFORMATION
fixed length control field 260430s2016 ua ||||fr|||| 00| 0 ara d
017 ## - COPYRIGHT OR LEGAL DEPOSIT NUMBER
Copyright or legal deposit number 2016/14601
040 ## - CATALOGING SOURCE
Original cataloging agency EG-GICUC
Language of cataloging ara
Transcribing agency EG-GICUC
Modifying agency EG-GICUC
Description conventions rda
041 #0 - LANGUAGE CODE
Language code of text/sound track or separate title ara
082 04 - DEWEY DECIMAL CLASSIFICATION NUMBER
Edition number 21
Classification number 345.431
Item number م ص . م
092 04 - LOCALLY ASSIGNED DEWEY CALL NUMBER (OCLC)
Edition number 21
099 ## - LOCAL FREE-TEXT CALL NUMBER (OCLC)
Classification number Law1 07 345.431 م ص . م 2016
110 ## - MAIN ENTRY--CORPORATE NAME
Corporate name or jurisdiction name as entry element مصر
Subordinate unit مجلس الدولة
-- المكتب الفني
240 ## - UNIFORM TITLE
Uniform title
245 12 - TITLE STATEMENT
Title موسوعة المبادئ القانونية التى أقرتها الجمعية العمومية لقسمى الفتوى والتشريع :
Remainder of title فى شأن العاملين المدنيين بالدولةمن عام 1946وحتى عام 2016.
Number of part/section of a work الكتاب الخامس :
Name of part/section of a work الأجر وملحقاته .
Number of part/section of a work الجزء الثالث :
Name of part/section of a work العلاوات /
Statement of responsibility, etc. مجلس الدولة المكتب الفني.
264 #1 - PRODUCTION, PUBLICATION, DISTRIBUTION, MANUFACTURE, AND COPYRIGHT NOTICE
Place of production, publication, distribution, manufacture الجيزة :
Name of producer, publisher, distributor, manufacturer المطبعة الأميرية ،
Date of production, publication, distribution, manufacture, or copyright notice 2016.
300 ## - PHYSICAL DESCRIPTION
Extent 683 ؛ صفحة
Dimensions 24 سم
336 ## - CONTENT TYPE
Source rda content
Content type term text
337 ## - MEDIA TYPE
Source rda media
Media type term Computer
338 ## - CARRIER TYPE
Source rda carrier
Carrier type term Online Resource
546 ## - LANGUAGE NOTE
Language note النص باللغة العربية
650 14 - SUBJECT ADDED ENTRY--TOPICAL TERM
Topical term or geographic name entry element القانون الإداري
Source of heading or term qrmak
651 1# - SUBJECT ADDED ENTRY--GEOGRAPHIC NAME
Source of heading or term qrmak
856 40 - ELECTRONIC LOCATION AND ACCESS
Uniform Resource Identifier <a href="https://fll.law.cu.edu.eg/fulltext/bks/B07-04207.pdf">https://fll.law.cu.edu.eg/fulltext/bks/B07-04207.pdf</a>
905 ## - Cataloger and Reviser Names
Cataloger Name: Soha Mohamed
942 ## - ADDED ENTRY ELEMENTS (KOHA)
Source of classification or shelving scheme Dewey Decimal Classification
Koha item type Books
Edition 21
Suppress in OPAC No
Holdings
Withdrawn status Lost status Source of classification or shelving scheme Damaged status Not for loan Collection Home library Current library Date acquired Total checkouts Full call number Barcode Date last seen Copy number Price effective from Koha item type
    Dewey Decimal Classification   Not for loan القانون الإداري جــــامعة القــاهرة مكتبة كلية الحقوق - المبنى الرئيسي 30.04.2026   Law1 07 345.431 م ص . م 2016 0704207 V5 , P3 , C1 B07-04207 30.04.2026 1 30.04.2026 Books

© All rights reserved — Faculty of Law, Cairo University